Normal view
MARC view
Entry Topical Term
001 - CONTROL NUMBER
- control field: 25432
003 - CONTROL NUMBER IDENTIFIER
- control field: ARRUPE
005 - DATE AND TIME OF LATEST TRANSACTION
- control field: 20160824112249.0
008 - FIXED-LENGTH DATA ELEMENTS
- fixed length control field: 160824|| aca||aabn | a|a d
040 ## - CATALOGING SOURCE
- Original cataloging agency: ARRUPE
- Transcribing agency: ARRUPE
150 ## - HEADING--TOPICAL TERM
- Topical term or geographic name as entry element: Psycholinguistics.
670 ## - SOURCE DATA FOUND
- Source citation: Work cat.: (ARRUPE)0: Bruner, Jerome S. (Jerome Seymour) 25430, Actual minds, possible worlds, 1986.